| 000 | 01047nam a2200301 a 4500 | ||
|---|---|---|---|
| 001 | 1171 | ||
| 003 | BR-CuiBMT | ||
| 005 | 20231130235315.0 | ||
| 008 | 231130b2016 mtba 000 0 por d | ||
| 020 | _a9788532705853 | ||
| 040 |
_aBR-CuiBMT _cBR-CuiBMT |
||
| 080 |
_a37.018.43 _22007 |
||
| 090 |
_a37.018.43 _bI61 |
||
| 245 | 0 | 0 |
_aInterações entre sujeitos, plataformas e recursos / _cCristiano Maciel, Kátia Morosov Alonso, Maria Cristina Paniago (organizadores) . |
| 260 |
_aCuiabá : _bEdUFMT, _cc2016. |
||
| 300 |
_a508 p. : _bil. ; _c21 cm |
||
| 490 | 1 |
_aColeção educação a distância ; _vv. 11 |
|
| 504 | _ainclui bibliografia. | ||
| 650 | _aEducação à distância | ||
| 650 | _aAmbiente virtual de aprendizagem | ||
| 650 |
_a Educação _xInovações tecnológicas |
||
| 650 | _a Tecnologia educacional | ||
| 700 |
_aMaciel, Cristiano _4org. |
||
| 700 |
_aAlonso, Kátia Morosov _4org. |
||
| 700 |
_aPaniago, Maria Cristina Lima _4org. |
||
| 830 | 0 |
_aEducação a distância (EdUFMT) ; _v11 |
|
| 942 |
_2udc _cLV |
||
| 999 |
_c1171 _d1171 |
||